书目信息 |
| 题名: |
中国上市金融企业年度发展报告
|
|
| 作者: | ;财政部会计司 编 | |
| 分册: | 2009卷 | |
| 出版信息: | 大连 东北财经大学出版社 2009 |
|
| 页数: | 379页 | |
| 开本: | 25cm | |
| 丛书名: | ||
| 单 册: | ||
| 中图分类: | F832.3 | |
| 科图分类: | ||
| 主题词: | 金融机构--股份有限公司--经济发展--研究报告--中国--2009 , 金融机构 , 股份有限公司 , 经济发展 | |
| 电子资源: | ||
| ISBN: | 978-7-81122-813-7 | |
| 000 | 01160nam0 22002891 45 | |
| 001 | 1034579269 | |
| 005 | 20100319083549.40 | |
| 010 | @a978-7-81122-813-7@dCNY48.00 | |
| 100 | @a20100312d2009 em y0chiy50 ea | |
| 101 | 0 | @achi |
| 102 | @aCN@b210000 | |
| 105 | @ay z 000yy | |
| 106 | @ar | |
| 200 | 1 | @a中国上市金融企业年度发展报告@AZhong Guo Shang Shi Jin Rong Qi Ye Nian Du Fa Zhan Bao Gao@h2009卷@H2009 Juan@f财政部会计司[编]@FCai Zheng Bu Hui Ji Si [ Bian ] |
| 210 | @a大连@c东北财经大学出版社@d2009 | |
| 215 | @a379页@d25cm | |
| 304 | @a英文共同题名:Annual report of development of listed financial institutions in China | |
| 330 | @a本报告分四个部分:上市金融企业财务业绩评价、上市金融企业发展概况、上市金融企业财务报告分析以及企业会计准则执行概况。 | |
| 510 | 1 | @aAnnual report of development of listed financial institutions in China@zeng |
| 606 | 0 | @a金融机构@x股份有限公司@x经济发展@x研究报告@y中国@z2009 |
| 606 | 0 | @a金融机构 |
| 606 | 0 | @a股份有限公司 |
| 606 | 0 | @a经济发展 |
| 690 | @aF832.3@v4 | |
| 711 | 0 | @a财政部会计司@ACai Zheng Bu Hui Ji Si@4编 |
| 801 | 0 | @aCN@bTANGWEI@c20100319 |
| 905 | @b0586488-91@dF832.3@e64@f4 | |
| 中国上市金融企业年度发展报告.2009卷/财政部会计司[编].-大连:东北财经大学出版社,2009 |
| 379页;25cm |
| ISBN 978-7-81122-813-7:CNY48.00 |
| 本报告分四个部分:上市金融企业财务业绩评价、上市金融企业发展概况、上市金融企业财务报告分析以及企业会计准则执行概况。 |
| ● |
| 相关链接 |
|
|
|
|
正题名:中国上市金融企业年度发展报告
索取号:F832.3/64
 
预约/预借
| 序号 | 登录号 | 条形码 | 馆藏地/架位号 | 状态 | 备注 |
| 1 | 0586488 | 205864885 | 第一样本阅览室/ [索取号:F832.3/64] | 在馆 | |
| 2 | 0586489 | 205864894 | 第一借阅区/ [索取号:F832.3/64] | 在馆 | |
| 3 | 0586490 | 205864901 | 密集书库-海洋学院/ [索取号:F832.3/64] | 在馆 | |
| 4 | 0586491 | 205864910 | 第一借阅区/ [索取号:F832.3/64] | 在馆 |